Responses for Show #6188 - Wednesday, July 6, 2011

2011 Kids Week game 3.

Contestants

[<< previous game]

Andrew Zazzera, a twelve-year-old from Virginia Beach, Virginia

B.D. Schwarz, a twelve-year-old from Oakland, California

Emma Johnson, an eleven-year-old from St. Petersburg, Florida

[next game >>]

Jeopardy! Round responses

THINK FAST WITH U.S. PRESIDENTS
SUMMER GAMES
FOR KIDS
ICE CREAM
WHAT WILL YOU BE WHEN YOU GROW UP?
VOWELS
    $200 3
Obama

Emma
    $200 2
golf

Andrew
    $200 10
(Andrew: What is Seven Up?)
[Originally ruled incorrect, then reversed]

Heads Up, Seven Up

Andrew
    $200 1
Baskin-Robbins

B.D.
    $200 20
an ostrich

Emma
    $200 15
an A

Andrew
    $400 5
(Emma: Who was George W. Bush?)

Clinton

EmmaAndrew
    $400 4
horse

Andrew
    $400 11
Velcro

B.D.
    $400 22
Dairy Queen

Emma
    $400 21
a frog

B.D.
    $400 16
e-mail

Andrew
    $600 6
FDR

Emma
    $600 7
marbles

Emma
    $600 12
Owly

B.D.
    $600 26
[The end-of-round signal sounds.]

Good Humor

Triple Stumper
    $600 23
a ladybug

Triple Stumper
    $600 17
O

Andrew
    $800 8
hopscotch

B.D.
    $800 13
(B.D.: What is sandwich?)

Lunchables

B.D.
Triple Stumper
    $800 24
a sunflower

Emma
    $800 18
I

B.D.
    $1000 9
a scavenger hunt

Emma
    $1000 14
Dan Zanes

Triple Stumper
    $1,000 25
(Emma: What is a pine tree?)

an oak

Emma
    $1000 19
u

Emma

Scores at the first commercial break (after clue 15):

Emma B.D. Andrew
$2,000 $1,200 $1,400

Scores at the end of the Jeopardy! Round:

Emma B.D. Andrew
$3,400 $2,400 $2,400

Double Jeopardy! Round responses

MYTHOLOGY
POP CULTURE
IT'S A SCIENTIFIC FACT
THE LIBRARY OF CONGRESS
MAPS
SPELL IT!
    $400 1
[B.D. selected the first clue.]

Poseidon

Andrew
    $400 11
(Andrew: Who is James Smith?)

Jaden Smith

EmmaAndrew
    $400 13
(Alex: [*], it's so big, yes.)

Jupiter

Andrew
    $400 21
Old King Cole

Emma
    $400 6
blue

B.D.
    $400 26
(B.D.: What is Q-U-A-C-K-E-R?)

Q-U-A-K-E-R

B.D.Andrew
    $800 2
Hera

B.D.
    $800 12
Gnomeo

Andrew
    $1,000 14
a pendulum

Andrew
    $800 22
laws that are passed by Congress

Triple Stumper
    $800 7
the key (or legend)

B.D.
    $800 27
G-O-S-L-I-N-G

Emma
    $1,200 3
Thor

B.D.
    $1200 18
Zeke & Luther

B.D.
    $1200 15
liquids

Andrew
    $1200 23
Braille

B.D.
    $1200 8
McNally

Triple Stumper
    $1200 28
(Emma: What is C-E-N-T-I-M-E-T-E-R?)
...
(Alex: Sorry, Emma. You had to go much smaller than that. Not centimeters, but millimeters, [*].)
[No end-of-round signal sounds. Alex gives the correct response, and then goes directly to announcing the Final Jeopardy! category.]

M-I-L-L-I-M-E-T-E-R

Emma
Triple Stumper
    $1600 4
Aphrodite

Andrew
    $1600 19
(Andrew: What is American Idol?)

America's Got Talent

EmmaAndrew
    $1600 16
molecules

Emma
    $1600 24
The Neverending Story

Triple Stumper
    $1600 9
(Andrew: Who is Cook?)
...
(Alex: Who is [*]? Halley's Comet.)

Edmund Halley

Andrew
Triple Stumper
    $2000 5
Cerberus

B.D.
    $2000 20
Herbert

Triple Stumper
    $2000 17
salt

B.D.
    $2000 25
the Psalms

Triple Stumper
    $2000 10
a TomTom

Emma

Scores at the end of the Double Jeopardy! Round:

Emma B.D. Andrew
$9,000 $11,600 $4,600

[wagering suggestions for these scores]

Final Jeopardy! Round responses

U.S. STATE NAMES
[B.D.'s response appeared on-screen in a typewritten font.]
AndrewWhat is Alabama?
$1,000
EmmaWhat is Florida?
$8,000
B.D.What is Ohio?
$6,401
Ohio

Final scores:

Emma B.D. Andrew
$1,000 $18,001 $3,600
3rd place: $1,000 Winner: $18,001 2nd place: $2,000

Game dynamics:

Coryat scores:

Emma B.D. Andrew
$10,000 $11,600 $4,400
14 R,
3 W
(including 1 DD)
14 R
(including 1 DD),
2 W
14 R
(including 1 DD),
3 W

Combined Coryat: $26,000

[game clues] [game scores] [suggest correction]

Game tape date: 2011-03-07
The J! Archive is created by fans, for fans. Scraping, republication, monetization, and malicious use prohibited; this site may use cookies and collect identifying information. See terms. The Jeopardy! game show and all elements thereof, including but not limited to copyright and trademark thereto, are the property of Jeopardy Productions, Inc. and are protected under law. This website is not affiliated with, sponsored by, or operated by Jeopardy Productions, Inc. Join the discussion at JBoard.tv.